Making rules about rulemaking: A comparison of presidential and parliamentary system (Record no. 93958)

000 -LEADER
fixed length control field 00468pab a2200169 454500
008 - FIXED-LENGTH DATA ELEMENTS--GENERAL INFORMATION
fixed length control field 180718b2011 xxu||||| |||| 00| 0 eng d
100 ## - MAIN ENTRY--PERSONAL NAME
Personal name Jensen, Christian B.
245 ## - TITLE STATEMENT
Title Making rules about rulemaking: A comparison of presidential and parliamentary system
260 ## - PUBLICATION, DISTRIBUTION, ETC.
Date of publication, distribution, etc. 2011
300 ## - PHYSICAL DESCRIPTION
Extent p.656-667.
362 ## - DATES OF PUBLICATION AND/OR SEQUENTIAL DESIGNATION
Dates of publication and/or sequential designation Sep
650 ## - SUBJECT ADDED ENTRY--TOPICAL TERM
Topical term or geographic name entry element Administrative law
700 ## - ADDED ENTRY--PERSONAL NAME
Personal name McGrath, Robert J.
773 ## - HOST ITEM ENTRY
Main entry heading Political Research Quarterly
908 ## - PUT COMMAND PARAMETER (RLIN)
Put command parameter N
909 ## -
-- 93958
Holdings
Withdrawn status Lost status Damaged status Not for loan Permanent Location Current Location Date acquired Serial Enumeration / chronology Barcode Date last seen Price effective from Koha item type
        Indian Institute of Public Administration Indian Institute of Public Administration 2018-07-19 Volume no: 64, Issue no: 3 AR94418 2018-07-19 2018-07-19 Articles

Powered by Koha